00863nam a2200217Ia 4500952015300000952015300153999001700306003000400323005001700327008004100344020001500385040000900400082001800409100002700427245007400454250001200528260004100540300001000581650001200591942004200603 00102ddc40708PHYSICSaMESbMEScPHYd2019-02-20g795.00l10m20o530.15 ARF/Mp30717r2022-10-17 00:00:00s2022-09-12t1w2019-02-20yBKzGL11R5 00102ddc40708PHYSICSaMESbMEScPHYd2019-02-20g795.00l16m27o530.15 ARF/Mp30718r2025-08-18 15:35:16s2025-06-30t2w2019-02-20yBKzGL11R5 c34011d34011OSt20201109103229.0190216s9999||||xx |||||||||||||| ||und|| a0120598760 coclc a530.15bARF/M aArfken, George B94319 0aMathematical Methods For Physicists /cGeorge B Arfken ; Hans J Weber a6th Ed. bAcademic Publishers,c2005.aLondon: a1153p aPhysics cBK2ddch530.15iARF/Mk530.15mARF/M